Представление документа в формате MARC21

ПолеНазваниеЗначение
  Тип записи a
  Библиографический уровень s
001 Контрольный номер 27e05b7af8e04ce4bb3e3008d44c5d8f
005 Дата корректировки 20260525093813.7
040 Источник каталогиз. __
e Правила каталог. PSBO
b Код языка каталог. rus
041 Код языка издания 0_
a Код языка текста rus
245 Заглавие 10
a Заглавие Психология и педагогика спортивной деятельности
n Номер части/ раздела № 1
260 Выходные данные __
c Дата издания 2026
901 Тип документа __
t Тип документа s